<?xml version="1.0" encoding="UTF-8"?>
<record
    xmlns:xsi="http://www.w3.org/2001/XMLSchema-instance"
    xsi:schemaLocation="http://www.loc.gov/MARC21/slim http://www.loc.gov/standards/marcxml/schema/MARC21slim.xsd"
    xmlns="http://www.loc.gov/MARC21/slim">

  <leader>03161nam a22002535a 4500</leader>
  <controlfield tag="001">00250793</controlfield>
  <controlfield tag="003">ES-MaIEV</controlfield>
  <controlfield tag="008">250401s2025    sp            000 0 spa d</controlfield>
  <datafield tag="020" ind1=" " ind2=" ">
    <subfield code="a">9788439745297</subfield>
  </datafield>
  <datafield tag="040" ind1=" " ind2=" ">
    <subfield code="a">ES-MaIEV</subfield>
    <subfield code="b">eng</subfield>
    <subfield code="c">ES-MaIEV</subfield>
    <subfield code="e">rda</subfield>
  </datafield>
  <datafield tag="041" ind1=" " ind2=" ">
    <subfield code="a">Spanish</subfield>
  </datafield>
  <datafield tag="100" ind1=" " ind2=" ">
    <subfield code="a">Cercas, Javier,</subfield>
    <subfield code="d">1962-,</subfield>
    <subfield code="e">author.</subfield>
  </datafield>
  <datafield tag="245" ind1="1" ind2="3">
    <subfield code="a">El loco de Dios en el fin del mundo </subfield>
    <subfield code="c">/ Javier Cercas.</subfield>
  </datafield>
  <datafield tag="260" ind1=" " ind2=" ">
    <subfield code="a">Barcelona</subfield>
    <subfield code="b">Random House</subfield>
    <subfield code="c">2025</subfield>
  </datafield>
  <datafield tag="264" ind1=" " ind2="4">
    <subfield code="c">2025.</subfield>
  </datafield>
  <datafield tag="300" ind1=" " ind2=" ">
    <subfield code="a">485 pages :</subfield>
    <subfield code="b">photographs ;</subfield>
    <subfield code="c">23 cm.</subfield>
  </datafield>
  <datafield tag="490" ind1="0" ind2=" ">
    <subfield code="a">Biblioteca Javier Cercas</subfield>
  </datafield>
  <datafield tag="520" ind1=" " ind2=" ">
    <subfield code="a">&#xAB;Soy ateo. Soy anticlerical. Soy un laicista militante, un racionalista contumaz, un imp&#xED;o riguroso. Pero aqu&#xED; me tienen, volando en direcci&#xF3;n a Mongolia con el anciano vicario de Cristo en la Tierra, dispuesto a interrogarle sobre la resurrecci&#xF3;n de la carne y la vida eterna. Para eso me he embarcado en este avi&#xF3;n: para preguntarle al papa Francisco si mi madre ver&#xE1; a mi padre m&#xE1;s all&#xE1; de la muerte, y para llevarle a mi madre su respuesta. He aqu&#xED; un loco sin Dios persiguiendo al loco de Dios hasta el fin del mundo&#xBB;.

Este es el arranque fulgurante de este libro &#xFA;nico, que nadie hab&#xED;a tenido la oportunidad de escribir, entre otras razones porque el Vaticano jam&#xE1;s le hab&#xED;a abierto de par en par sus puertas a un escritor. Pero, adem&#xE1;s de &#xFA;nico, este es un libro de plenitud, donde su autor logra convertir una propuesta ins&#xF3;lita en un relato propio y magistral: un thriller sobre el mayor misterio de la historia de la Humanidad. Con esta novela sin ficci&#xF3;n, Javier Cercas vuelve a su l&#xED;nea m&#xE1;s personal, en la que logra enlazar sus obsesiones &#xED;ntimas con una de las preocupaciones fundamentales de la sociedad actual: el papel en la vida humana de lo espiritual y lo transcendente, el lugar en ella de la religi&#xF3;n y el ansia de inmortalidad.</subfield>
  </datafield>
  <datafield tag="520" ind1=" " ind2=" ">
    <subfield code="a">"I am an atheist. I am anti-clerical. I am a militant secularist, a stubborn rationalist, a rigorous non-believer. And yet here I am, flying to Mongolia with the elderly Vicar of Christ on Earth, ready to ask him about the resurrection of the flesh and eternal life. That&#x2019;s why I boarded this plane: to ask Pope Francis whether my mother will see my father again beyond death &#x2014; and to bring her his answer. Here is a godless madman chasing the madman of God to the ends of the earth."

This is the dazzling opening to a truly unique book &#x2014; one that no one else could have written, if only because the Vatican had never before flung open its doors to a writer in this way. But more than unique, this is a work of fullness and depth, in which the author transforms an extraordinary premise into a personal and masterful narrative: a thriller about the greatest mystery in human history.

With this work of non-fiction, Javier Cercas returns to his most intimate register, weaving together his private obsessions with one of today&#x2019;s most pressing concerns: the role of the spiritual and the transcendent in human life, the place of religion, and our longing for immortality.</subfield>
  </datafield>
  <datafield tag="650" ind1=" " ind2="0">
    <subfield code="a">Existential mystery</subfield>
    <subfield code="9">25459</subfield>
  </datafield>
  <datafield tag="650" ind1=" " ind2="0">
    <subfield code="a">Atheism</subfield>
    <subfield code="9">25461</subfield>
  </datafield>
  <datafield tag="650" ind1=" " ind2="0">
    <subfield code="a">Death and transcendence</subfield>
    <subfield code="9">25460</subfield>
  </datafield>
  <datafield tag="942" ind1=" " ind2=" ">
    <subfield code="2">lcc</subfield>
  </datafield>
  <datafield tag="952" ind1=" " ind2=" ">
    <subfield code="0">0</subfield>
    <subfield code="1">0</subfield>
    <subfield code="2">lcc</subfield>
    <subfield code="4">0</subfield>
    <subfield code="7">0</subfield>
    <subfield code="a">TBS</subfield>
    <subfield code="b">TBS</subfield>
    <subfield code="d">2025-08-28</subfield>
    <subfield code="l">0</subfield>
    <subfield code="o">P-SP CER</subfield>
    <subfield code="p">B06040</subfield>
    <subfield code="r">2025-08-28</subfield>
    <subfield code="t">1</subfield>
    <subfield code="w">2025-08-28</subfield>
    <subfield code="y">1</subfield>
  </datafield>
  <datafield tag="999" ind1=" " ind2=" ">
    <subfield code="c">4746</subfield>
    <subfield code="d">4746</subfield>
  </datafield>
</record>
